Szczegóły MARC21

Mathematical models and numerical methods /

003 -Nazwa inst., której nr kontr. jest w polu 001 [,]
    • @
    • Nazwa instytucji, której n kontrolny jest w polu 001
    • NUKAT
005 -DATA I CZAS OSTATNIEJ MODYFIKACJI [,]
    • @
    • pole kontrolne
    • 20241231094705.0
040 -Instytucja sporządzająca opis [ , ]
    • a
    • Instytucja, która sporządziła opis (NP)
    • LUBL 64/EG
    • b
    • Język katalogowania
    • pol
    • e
    • Zasady katalogowania
    • rda
    • c
    • Instytucja, która sporządziła rekord (NP)
    • LUBL 64/EG
    • d
    • Instytucja, która zmodyfikowała rekord (P)
    • LUBL 64/MJ
    • d
    • Instytucja, która zmodyfikowała rekord (P)
    • WA 35/BJ
    • d
    • Instytucja, która zmodyfikowała rekord (P)
    • GL 001/FAN
    • d
    • Instytucja, która zmodyfikowała rekord (P)
    • KIEL 010/JRs
    • d
    • Instytucja, która zmodyfikowała rekord (P)
    • GL 001/FAK
041 -Język dokumentu [0, ]
    • a
    • Język tekstu (P)
    • angielski
    • a
    • Język tekstu (P)
    • rosyjski
942 -Rodzaj dokumentu [ , ]
    • c
    • Rodzaj dokumentu
    • Książka
245 -Strefa tytułu i oznaczenia odpowiedzialności [0,0]
    • a
    • Tytuł
    • Mathematical models and numerical methods / Find
    • c
    • Pozostałe elementy strefy tytułu i oznaczenia odpowiedzialności (NP)
    • editors of the volume A. N. Tikhonov [i 4 pozostałych].
260 -Strefa adresu wydawniczego [ , ]
    • a
    • Miejsce wydania (P)
    • Warszawa :
    • b
    • Nazwa wydawcy (P)
    • PWN,
    • c
    • Data wydania (P)
    • 1978.
300 -Strefa opisu fizycznego [ , ]
    • a
    • Określenie formy książki i/lub objętość (NP)
    • 391 stron :
    • b
    • Oznaczenie ilustracji (NP)
    • ilustracje ;
    • c
    • Format (NP)
    • 25 cm.
336 -Typ zawartości [ , ]
    • a
    • Termin opisujący typ zawartości
    • Tekst
    • b
    • Kod określający zawartość
    • txt
    • 2
    • Źródło (terminu i kodu)
    • rdacontent
337 -Typ mediów [ , ]
    • a
    • Tryb odtwarzania
    • Bez urządzenia pośredniczącego
    • b
    • Kod typu mediów
    • n
    • 2
    • Źródło (terminu i kodu)
    • rdamedia
338 -Typ/rodzaj nośnika [ , ]
    • a
    • Hasło opisujące typ nośnika
    • Wolumin
    • b
    • Kod typu nośnika
    • nc
    • 2
    • Źródło (terminu i kodu)
    • rdacarrier
490 -Strefa serii i książki wielotomowej - forma nie do wyszukiwania [1, ]
    • a
    • Tytuł (P)
    • Banach Center Publications, Find
    • x
    • ISSN (NP)
    • 0137-6934 ;
    • v
    • Numeracja (P)
    • 3
830 -Hasło dodatkowe serii i opisu książki wielotomowej - tytuł ujednolicony/tytuł [ ,0]
    • a
    • Tytuł ujednolicony/tytuł (NP)
    • Banach Center Publications
    • x
    • ISSN
    • 0137-6934
    • v
    • Oznaczenie tomu (NP)
    • 3
    • 9
    • KHW
    • 1157
504 -Uwaga dot. bibliogr. załącznikowej [ , ]
    • a
    • Uwaga dot. bibliografii załącznikowej
    • Bibliografia przy rozdziałach.
650 -Hasło przedmiotowe [ ,7]
    • a
    • Hasło przedmiotowe
    • Analiza numeryczna.
    • 2
    • Źródło terminu
    • kaba
    • 9
    • KHW
    • 101266
650 -Hasło przedmiotowe [ ,7]
    • a
    • Hasło przedmiotowe
    • Modele matematyczne.
    • 2
    • Źródło terminu
    • kaba
    • 9
    • KHW
    • 119729
700 -Hasło dodatkowe - nazwa osobowa [1, ]
    • a
    • Nazwa osobowa (NP)
    • Tihonov, Andrej Nikolaevič Find
    • d
    • Daty biograficzne (NP)
    • (1906-1993).
    • e
    • Określenie rodzaju współpracy
    • Redakcja
    • 9
    • KHW
    • 61567
710 -Hasło dodatkowe - nazwa ciała zbiorowego [2, ]
    • a
    • Nazwa ciała zbiorowego lub nazwa geograficzna jako pierwszy element (NP)
    • Państwowe Wydawnictwo Naukowe (1951-1992).
    • e
    • Rodzaj współpracy
    • Wydawca
    • 4
    • Kod relacji
    • pbl
    • 9
    • KHW
    • 52048
Numer inwentarzowy Status udost. Lokalizacja
N.105731BG
Z.324121BG
W.73075-3BG